Stairway to Heaven All Lyrics - Statistics

General Stats
  • This quiz has been taken 42 times
    38 since last reset
  • The average score is 233 of 336
Answer Stats
Answer % Correct
a
100%
and
100%
heaven
100%
i
100%
stairway
100%
the
100%
to
100%
who
96%
go
93%
she
93%
there
93%
that
89%
there's
89%
buying
86%
is
86%
she's
86%
when
86%
all
82%
are
82%
get
82%
gold
82%
on
82%
we
82%
for
79%
know
79%
be
75%
gets
75%
glitters
75%
it
75%
lady
75%
me
75%
who's
75%
you
75%
if
71%
knows
71%
look
71%
sure
71%
closed
68%
have
68%
our
68%
then
68%
wants
68%
what
68%
can
64%
feeling
64%
in
64%
road
64%
will
64%
wind
64%
word
64%
because
61%
but
61%
down
61%
it's
61%
meanings
61%
sometimes
61%
two
61%
with
61%
words
61%
your
61%
came
57%
my
57%
of
57%
stand
57%
stores
57%
those
57%
thoughts
57%
west
57%
as
54%
by
54%
don't
54%
hear
54%
laughter
54%
misgiven
54%
still
54%
than
54%
time
54%
you're
54%
crying
50%
head
50%
just
50%
sings
50%
soul
50%
won't
50%
call
46%
change
46%
lies
46%
long
46%
makes
46%
may
46%
piper
46%
queen
46%
run
46%
seen
46%
sign
46%
spirit
46%
taller
46%
us
46%
wonder
46%
yes
46%
alarmed
43%
blow
43%
bustle
43%
dawn
43%
day
43%
dear
43%
light
43%
new
43%
not
43%
one
43%
paths
43%
shadows
43%
smoke
43%
songbird
43%
through
43%
tree
43%
tune
43%
wall
43%
brook
39%
did
39%
echo
39%
hedgerow
39%
now
39%
reason
39%
spring
39%
trees
39%
voices
39%
whispering
39%
calling
36%
case
36%
clean
36%
come
36%
him
36%
join
36%
lead
36%
leaving
36%
rings
36%
show
36%
walks
36%
forests
32%
looking
32%
piper's
32%
rock
32%
roll
32%
hard
29%
shines
29%
soon
29%
turns
29%
very
29%
white
29%
how
25%
humming
25%
listen
25%
whispered
25%
yeah
25%
at
21%
everything
21%
last
21%
really
18%
No matching quizzes found
Score Distribution
Percent of People with Each Score
Percentile by Number Answered
Your Score History
You have not taken this quiz since the last reset